Um amigo (Registo nº 4279)
[ vista simples ]
| 000 -Etiqueta do registo | |
|---|---|
| Cabeçalho | 00855cam a2200301 4500 |
| 005 - Identificador da versão | |
| Campo de controlo | 20240813122057.0 |
| 095 ## - | |
| -- | PTBN00852434 |
| 010 ## - Número internacional normalizado dos livros (ISBN) | |
| Número (ISBN) | 9722313258 |
| 021 ## - Número do Depósito Legal | |
| Código do país | PT |
| Número | 103951/96 |
| 100 ## - Dados gerais de processamento | |
| Dados gerais de processamento | 19970204d1996 c y0pory5003 ba |
| 102 ## - Pais de publicação ou produção | |
| País de publicação | Portugal |
| 101 1# - Língua de publicação | |
| Língua do texto, banda sonora, etc. | Português |
| 106 ## - Campo de dados codificados: material textual | |
| Dados codificados do material textual | r |
| 105 ## - Campo de dados codificados: livros | |
| Dados codificados dos livros | a t 000fy |
| 215 ## - Descrição física | |
| Indicação específica da natureza do documento e extensão da espécie | [32] p. |
| Outras indicações físicas | muito il. |
| Dimensões | 18 cm |
| 200 1# - Titulo e menção de responsabilidade | |
| Título próprio | Um amigo |
| Primeira menção de responsabilidade | texto de Leif Kristiansson |
| Outras menções de responsabilidade | il. de Dick Stenberg |
| -- | trad. de Sophia de Mello Breyner Andresen |
| 205 ## - Menção da edição | |
| Menção da edição | 9ª ed |
| 210 ## - Publicação, Distribuição, etc. | |
| Lugar da edição, distribuição, etc. | Lisboa |
| Nome do editor, distribuidor, etc. | Presença |
| Data da publicação, distribuição, etc. | imp. 1996 |
| 304 ## - Notas relativas a título e menção de responsabilidade | |
| Texto da nota | Tít. orig.: En vän |
| 675 ## - Classificação Decimal Universal (CDU) | |
| Notação | 087.5 |
| Edição | BN |
| Língua da edição | por |
| 702 #1 - Nome de autor-pessoa física (responsabilidade secundária) | |
| Número de registo de entrada de autoridade | 0001014 |
| Palavra de ordem | Stenberg |
| Outra parte do nome não tomada para palavra de ordem | Dick |
| Código de função | Ilustrador / Técnico de desenho computorizado |
| Número de registo de entrada de autoridade | 0000157 |
| Palavra de ordem | Andresen |
| Outra parte do nome não tomada para palavra de ordem | Sofia de Melo Breyner |
| Datas | 1919-2004 |
| Código de função | Tradutor |
| 700 #1 - Nome de autor-pessoa física (responsabilidade principal) | |
| Número de registo de entrada de autoridade | 0001013 |
| Palavra de ordem | Kristiansson |
| Outra parte do nome não tomada para palavra de ordem | Leif |
| 942 ## - Elementos de entrada adicionados (Koha) | |
| Tipo de item no Koha | Livro |
| Situação do levantamento | Origin of item (home branch) (coded) | Biblioteca de empréstimo | Código de barras | Cota | Circulation type (not for loan) | Tipo de documento | Nota do exemplar | Damaged status |
|---|---|---|---|---|---|---|---|---|
| Biblioteca Escolar das Vendas | Biblioteca Escolar das Vendas | BEV1150 | 1KRI | Livro | Sem mensagem |
